[Event "Titled Tue 17th Jun Early"]
[Site "chess.com INT"]
[Date "2025.06.17"]
[Round "4"]
[White "Lazavik, Denis"]
[Black "Vaganian, Rafael A"]
[Result "0-1"]
[WhiteTitle "GM"]
[BlackTitle "GM"]
[WhiteElo "2580"]
[BlackElo "2449"]
[WhiteFideId "13515110"]
[BlackFideId "13300016"]
[EventDate "2025.06.17"]

1. e4 e6 2. d4 d5 3. e5 c5 4. c3 Nc6 5. Nf3 Nh6 6. Bd3 cxd4 7. cxd4 Nf5 8. Bxf5
exf5 9. Nc3 Be6 10. O-O Be7 11. Be3 g5 12. Rc1 f4 13. Bd2 Bg4 14. h3 Bh5 15. Qb3
Bxf3 16. gxf3 Nxd4 17. Qa4+ Nc6 18. Rfd1 Qd7 19. Kg2 O-O 20. Be1 d4 21. Ne4 Rad8
22. Rc4 Qf5 23. b4 h5 24. b5 Nxe5 25. Rcxd4 g4 26. Rxd8 Rxd8 27. Rxd8+ Bxd8 28.
hxg4 hxg4 29. Bc3 gxf3+ 30. Kf1 Nd3 0-1

[Event "Titled Tue 17th Jun Early"]
[Site "chess.com INT"]
[Date "2025.06.17"]
[Round "4"]
[White "Sarana, Alexey"]
[Black "Pakleza, Zbigniew"]
[Result "1-0"]
[WhiteTitle "GM"]
[BlackTitle "GM"]
[WhiteElo "2686"]
[BlackElo "2484"]
[WhiteFideId "24133795"]
[BlackFideId "1119290"]
[EventDate "2025.06.17"]

1. e4 d6 2. d4 Nf6 3. Nc3 c6 4. Nf3 Bg4 5. h3 Bh5 6. Qe2 e6 7. g4 Bg6 8. d5 cxd5
9. exd5 e5 10. g5 Nfd7 11. Nh4 Be7 12. Rg1 Na6 13. Be3 O-O 14. Nxg6 fxg6 15. h4
Qe8 16. Bh3 Bd8 17. Ne4 Bc7 18. O-O-O Nac5 19. Nxc5 Nxc5 20. Bxc5 dxc5 21. d6
Bb6 22. Rd5 e4 23. d7 Qe7 24. Re1 Rf4 25. Qc4 Kh8 26. Bg2 Rd8 27. Rxe4 Rxe4 28.
Qxe4 Rxd7 29. Re5 1-0

[Event "Titled Tue 17th Jun Early"]
[Site "chess.com INT"]
[Date "2025.06.17"]
[Round "4"]
[White "Verbovsky, Michal"]
[Black "Carroll, Thomas"]
[Result "0-1"]
[WhiteTitle "CM"]
[WhiteElo "2172"]
[BlackElo "2131"]
[WhiteFideId "14934213"]
[BlackFideId "450111"]
[EventDate "2025.06.17"]

1. e4 Nf6 2. e5 Nd5 3. d4 d6 4. c4 Nb6 5. Nf3 g6 6. Nc3 Bg7 7. b3 O-O 8. Be2
dxe5 9. dxe5 Qxd1+ 10. Bxd1 Bg4 11. Bf4 Nc6 12. Nb5 Bxf3 13. Bxf3 Nxe5 14. Bxe5
Bxe5 15. O-O-O c6 16. Nd4 a5 17. a4 Rfd8 18. Ne2 Nd7 19. Kc2 Nc5 20. g3 Ne6 21.
Bg2 Kg7 22. f4 Nd4+ 23. Nxd4 Bxd4 24. Rhe1 Kf6 25. h3 Bf2 26. Rxd8 Rxd8 27. Re5
Bxg3 28. Rxa5 Bxf4 29. Be4 e5 30. Ra7 Rb8 31. c5 Ke6 32. b4 f5 33. Bg2 e4 34.
Bf1 Be3 35. a5 f4 36. a6 bxa6 37. Rxa6 Kd5 38. Kb3 Bd2 39. Bc4+ Kd4 40. b5 cxb5
41. Rd6+ Kxc5 42. Rd5+ Kc6 43. Rxd2 bxc4+ 44. Kxc4 Re8 45. Kd4 e3 46. Rc2+ Kd6
47. Kd3 f3 48. h4 e2 49. Rc1 e1=Q 50. Rxe1 Rxe1 0-1

[Event "Titled Tue 17th Jun Early"]
[Site "chess.com INT"]
[Date "2025.06.17"]
[Round "4"]
[White "Lorans, Sylvain"]
[Black "Martic, Ivan SRB"]
[Result "0-1"]
[WhiteTitle "CM"]
[BlackTitle "FM"]
[WhiteElo "2155"]
[BlackElo "2270"]
[WhiteFideId "605794"]
[BlackFideId "929301"]
[EventDate "2025.06.17"]

1. d4 Nf6 2. c4 g6 3. Nc3 Bg7 4. e4 d6 5. Be2 O-O 6. Be3 Nbd7 7. g4 c5 8. d5 b5
9. g5 Nh5 10. Bxh5 gxh5 11. Qxh5 Ne5 12. cxb5 a6 13. f4 Nd3+ 14. Ke2 Nxb2 15.
Nf3 Bxc3 16. f5 Bg7 17. Rhg1 Nc4 18. g6 fxg6 19. fxg6 h6 20. Bxh6 Rxf3 21. Bxg7
Re3+ 22. Kd1 Kxg7 23. Qh7+ Kf6 24. Rf1+ Ke5 25. Qh5+ Kd4 26. Rc1 Qa5 27. Rf2
Rd3+ 0-1

[Event "Titled Tue 17th Jun Early"]
[Site "chess.com INT"]
[Date "2025.06.17"]
[Round "4"]
[White "Emujin Enkh-Amgalan"]
[Black "Ratkovic, Miloje"]
[Result "0-1"]
[WhiteTitle "WCM"]
[BlackTitle "GM"]
[WhiteElo "2022"]
[BlackElo "2489"]
[WhiteFideId "4908023"]
[BlackFideId "914517"]
[EventDate "2025.06.17"]

1. d4 Nf6 2. c4 c5 3. d5 b5 4. cxb5 a6 5. bxa6 Bxa6 6. Nc3 g6 7. e4 Bxf1 8. Kxf1
d6 9. Nf3 Qd7 10. h4 Bg7 11. g3 O-O 12. Kg2 Qb7 13. Re1 Nbd7 14. a4 c4 15. Qe2
Rfc8 16. Ra3 Nc5 17. Rd1 Nd3 18. Nb5 Ng4 19. b3 Ndxf2 20. Rf1 cxb3 21. Rxb3 Rxa4
22. Bb2 Rxe4 23. Qd2 Rec4 24. Rxf2 Nxf2 25. Kxf2 Rc2 26. Bxg7 Rxd2+ 27. Nxd2
Kxg7 28. Nc3 Qa7+ 29. Ke2 Qd4 30. Nce4 Qxd5 31. Rd3 Qe5 32. Re3 Rc2 33. Nf2 Qb5+
34. Nd3 Qa5 0-1

[Event "Titled Tue 17th Jun Early"]
[Site "chess.com INT"]
[Date "2025.06.17"]
[Round "4"]
[White "Shuvalov, Evgenij"]
[Black "Harshit, Ranjan Sahu"]
[Result "0-1"]
[BlackTitle "CM"]
[WhiteElo "1986"]
[BlackElo "2191"]
[WhiteFideId "4187237"]
[BlackFideId "25638815"]
[EventDate "2025.06.17"]

1. d4 Nf6 2. c4 g6 3. Nc3 Bg7 4. e4 d6 5. Nf3 O-O 6. Be2 e5 7. O-O Nc6 8. d5 Ne7
9. Ne1 Nd7 10. f3 f5 11. g4 h5 12. g5 h4 13. Kh1 f4 14. Rg1 Kf7 15. Nd3 Rh8 16.
b4 a5 17. Ba3 axb4 18. Bxb4 b6 19. a4 Nc5 20. a5 Ba6 21. Nb5 Qd7 22. axb6 cxb6
23. Nf2 Bb7 24. Qc2 Ba6 25. Ra2 Bxb5 26. cxb5 Rhc8 27. Rga1 Rxa2 28. Qxa2 Nb7
29. Bf1 Qc7 30. Bh3 Re8 31. Qa7 Nc8 32. Qa3 Bf8 33. Rc1 Nc5 34. Qa8 Ne7 35. Qa7
Qxa7 0-1

[Event "Titled Tue 17th Jun Early"]
[Site "chess.com INT"]
[Date "2025.06.17"]
[Round "4"]
[White "Idani, Pouya"]
[Black "Wahedi, Ahmad Siar"]
[Result "1-0"]
[WhiteTitle "GM"]
[BlackTitle "FM"]
[WhiteElo "2593"]
[BlackElo "2239"]
[WhiteFideId "12510130"]
[BlackFideId "4651260"]
[EventDate "2025.06.17"]

1. e4 e6 2. d4 d5 3. e5 c5 4. c3 Nc6 5. Nf3 Bd7 6. Be2 Qb6 7. dxc5 Bxc5 8. O-O
a5 9. Bd3 Nge7 10. Qe2 Ng6 11. h4 Qc7 12. Re1 Nge7 13. Be3 b6 14. Bf4 h6 15. Na3
Nb8 16. Nd4 Bxa3 17. bxa3 O-O 18. Rac1 Rc8 19. Qg4 Kh8 20. Re3 Qd8 21. Rg3 Qf8
22. Qh5 Be8 23. Rxg7 Qxg7 24. Bxh6 Ng8 25. Bg5+ 1-0

[Event "Titled Tue 17th Jun Early"]
[Site "chess.com INT"]
[Date "2025.06.17"]
[Round "4"]
[White "Carlsen, Magnus"]
[Black "Stribuk, Artiom"]
[Result "1-0"]
[WhiteTitle "GM"]
[BlackTitle "IM"]
[WhiteElo "2837"]
[BlackElo "2460"]
[WhiteFideId "1503014"]
[BlackFideId "13515659"]
[EventDate "2025.06.17"]

1. d4 Nf6 2. Bg5 g6 3. Nd2 Bg7 4. e4 d6 5. Ngf3 h6 6. Bh4 O-O 7. c3 c5 8. d5 e6
9. dxe6 Bxe6 10. Be2 Nc6 11. O-O Re8 12. Re1 Qc7 13. Bc4 g5 14. Bg3 Rad8 15. Qc2
Nh5 16. a4 Nxg3 17. hxg3 a6 18. Rad1 Na5 19. Bxe6 Rxe6 20. Nf1 Rde8 21. g4 c4
22. Ng3 Nb3 23. Re3 Nc5 24. Nd4 Re5 25. Ndf5 R8e6 26. Rd4 b5 27. axb5 axb5 28.
Qd1 Bf8 29. Nh5 Nd3 30. b3 Qc6 31. bxc4 bxc4 32. g3 Kh8 33. Qb1 Rxe4 34. Rdxe4
Rxe4 35. Qb8 1-0

[Event "Titled Tue 17th Jun Early"]
[Site "chess.com INT"]
[Date "2025.06.17"]
[Round "4"]
[White "Skliarov, Viktor"]
[Black "Mayank, Chakraborty"]
[Result "0-1"]
[WhiteTitle "IM"]
[BlackTitle "IM"]
[WhiteElo "2334"]
[BlackElo "2457"]
[WhiteFideId "14106736"]
[BlackFideId "25659766"]
[EventDate "2025.06.17"]

1. e4 e6 2. d4 d5 3. e5 c5 4. c3 Nc6 5. Nf3 Nge7 6. Na3 Bd7 7. Nc2 Qa5 8. dxc5
Qc7 9. b4 Nxe5 10. Nfd4 a6 11. f4 Nc4 12. Qf3 g6 13. Bd3 Bg7 14. O-O O-O 15. Ne3
Nxe3 16. Bxe3 b6 17. Rac1 bxc5 18. bxc5 Rab8 19. Nb3 Ba4 20. Bd4 Bxb3 21. axb3
Rxb3 22. Qd1 Rfb8 23. Bxa6 Nf5 24. Bf2 Rxc3 25. Rxc3 Bxc3 26. Qc2 Bd4 27. c6 Rb2
28. Qc1 Rxf2 29. Rxf2 Be3 30. Qc2 Qxf4 31. c7 Bxf2+ 32. Qxf2 Qxc7 33. Bf1 Qc1
34. g3 Ne3 0-1

[Event "Titled Tue 17th Jun Early"]
[Site "chess.com INT"]
[Date "2025.06.17"]
[Round "4"]
[White "Ernst, Sipke"]
[Black "Bluebaum, Matthias"]
[Result "0-1"]
[WhiteTitle "GM"]
[BlackTitle "GM"]
[WhiteElo "2518"]
[BlackElo "2663"]
[WhiteFideId "1004689"]
[BlackFideId "24651516"]
[EventDate "2025.06.17"]

1. Nf3 d5 2. g3 e6 3. Bg2 Nf6 4. O-O Bd6 5. c4 O-O 6. b3 Nc6 7. d4 dxc4 8. bxc4
e5 9. e3 Bg4 10. h3 Bh5 11. g4 Bg6 12. Bb2 exd4 13. exd4 Re8 14. Nc3 Nb4 15. c5
Bf8 16. Ne5 c6 17. f4 Bc2 18. Qd2 Bxc5 19. Nb1 Bf8 20. a3 Bxb1 21. Raxb1 Nbd5
22. g5 Nd7 23. Ba1 Rb8 24. Bxd5 cxd5 25. f5 f6 26. Nf3 Bd6 27. Qa2 Nb6 28. Rxb6
axb6 29. Qxd5+ Kh8 0-1

[Event "Titled Tue 17th Jun Early"]
[Site "chess.com INT"]
[Date "2025.06.17"]
[Round "4"]
[White "Shokirjonova, Barchinoy"]
[Black "Atis, Hasan"]
[Result "0-1"]
[WhiteTitle "WFM"]
[BlackTitle "CM"]
[WhiteElo "2010"]
[BlackElo "2089"]
[WhiteFideId "14212307"]
[BlackFideId "44598017"]
[EventDate "2025.06.17"]

1. d4 d5 2. Nf3 e6 3. c4 Nf6 4. g3 dxc4 5. Bg2 Bb4+ 6. Bd2 Be7 7. Qa4+ Bd7 8.
Qxc4 Bc6 9. O-O O-O 10. Nc3 Ne4 11. Nxe4 Bxe4 12. Rac1 c6 13. Ne5 Bxg2 14. Kxg2
Nd7 15. Nxd7 Qxd7 16. Rfd1 Rfd8 17. Ba5 Qd5+ 18. Qxd5 Rxd5 19. Bc3 a5 20. Rd3 a4
21. Rcd1 Rb5 22. e4 Rd8 23. Kf3 g5 24. h3 h6 25. g4 Kh7 26. R1d2 Kg6 27. Ke2 f5
28. f3 h5 29. gxf5+ exf5 30. e5 f4 31. Kf1 Kf5 32. Rg2 Rxe5 33. h4 g4 34. fxg4+
hxg4 35. h5 Re6 36. Re2 Rxe2 37. Kxe2 Rh8 38. d5 Rxh5 39. dxc6 bxc6 40. Rd7 Bc5
41. Rf7+ Ke4 42. Re7+ Bxe7 0-1

[Event "Titled Tue 17th Jun Early"]
[Site "chess.com INT"]
[Date "2025.06.17"]
[Round "4"]
[White "Svane, Rasmus"]
[Black "Askarov, Bakhtiyar"]
[Result "1-0"]
[WhiteTitle "GM"]
[BlackTitle "IM"]
[WhiteElo "2626"]
[BlackElo "2297"]
[WhiteFideId "4657101"]
[BlackFideId "13701100"]
[EventDate "2025.06.17"]

1. Nf3 Nf6 2. g3 d5 3. Bg2 Bf5 4. O-O e6 5. c4 c6 6. Qb3 Qb6 7. d3 Nbd7 8. cxd5
exd5 9. Qc2 Be7 10. Nc3 O-O 11. e4 Bg6 12. Be3 Qa6 13. Nh4 dxe4 14. dxe4 Bc5 15.
Bxc5 Nxc5 16. Rad1 Rad8 17. Nxg6 hxg6 18. h3 Ne6 19. e5 Nd7 20. f4 Qc4 21. Kh2
Nb6 22. Rfe1 Rd4 23. Rxd4 Nxd4 24. Qf2 Ne6 25. Bf1 Qb4 26. Ne4 Na4 27. b3 Nac5
28. Nd6 a5 29. Rc1 b6 30. Qb2 a4 31. Qc3 Qxc3 32. Rxc3 axb3 33. axb3 Ra8 34. b4
Nd7 35. Rxc6 Ra2+ 36. Kg1 Nd4 37. Rc8+ Nf8 38. Bg2 g5 39. Bd5 g6 40. Bxf7+ Kg7
41. Bxa2 1-0

[Event "Titled Tue 17th Jun Early"]
[Site "chess.com INT"]
[Date "2025.06.17"]
[Round "4"]
[White "Wan, Yunguo"]
[Black "Andreikin, Dmitry"]
[Result "0-1"]
[WhiteTitle "GM"]
[BlackTitle "GM"]
[WhiteElo "2501"]
[BlackElo "2695"]
[WhiteFideId "8603189"]
[BlackFideId "4158814"]
[EventDate "2025.06.17"]

1. Nf3 d5 2. g3 Nf6 3. Bg2 e6 4. O-O Be7 5. d3 O-O 6. a4 c5 7. e4 Nc6 8. Bf4 Nh5
9. Bd2 Nf6 10. e5 Nd7 11. Re1 b6 12. c4 Re8 13. Nc3 Nb4 14. cxd5 exd5 15. d4 Nf8
16. h4 Bf5 17. Re2 Bd3 18. Re3 Ne6 19. Nb5 c4 20. Bxb4 Bxb4 21. Nc3 Rc8 22. h5
h6 23. Rc1 a6 24. Nh4 Nxd4 25. Nxd5 Bc5 26. Qg4 Qg5 27. Qxg5 hxg5 28. Nf3 Nxf3+
29. Rxf3 Rxe5 30. Nxb6 Rce8 31. Nd7 Re1+ 32. Rxe1 Rxe1+ 33. Kh2 Bd4 34. b3 cxb3
35. Rxd3 b2 36. Rxd4 b1=Q 37. Rc4 Rc1 38. Re4 Rc8 39. Re5 Qb2 40. Rxg5 Qxf2 41.
h6 Rc2 42. Rxg7+ Kh8 0-1

[Event "Titled Tue 17th Jun Early"]
[Site "chess.com INT"]
[Date "2025.06.17"]
[Round "4"]
[White "Luong Phuong Hanh"]
[Black "Unver, Cumayi"]
[Result "1-0"]
[WhiteTitle "WIM"]
[WhiteElo "2121"]
[BlackElo "2012"]
[WhiteFideId "12401013"]
[BlackFideId "6304940"]
[EventDate "2025.06.17"]

1. d4 Nf6 2. Nf3 d5 3. c4 c6 4. Qc2 g6 5. Bf4 Bg7 6. e3 O-O 7. h3 a6 8. c5 Nbd7
9. Nbd2 Re8 10. Be2 h6 11. O-O Nh7 12. Bh2 e5 13. dxe5 Nxe5 14. Nxe5 Bxe5 15.
Bxe5 Rxe5 16. Nf3 Re8 17. Bd3 Qf6 18. b4 Bxh3 19. Nd4 Bc8 20. a4 Ng5 21. b5 axb5
22. axb5 Bd7 23. b6 Rxa1 24. Rxa1 h5 25. Ra7 Bc8 26. Ra8 Kf8 27. Rb8 h4 28. f4
h3 29. fxg5 Qxg5 30. Qf2 hxg2 31. Rxc8 Rxc8 32. Ne6+ 1-0

[Event "Titled Tue 17th Jun Early"]
[Site "chess.com INT"]
[Date "2025.06.17"]
[Round "4"]
[White "Topencik, Bruno"]
[Black "Buscar, Michael"]
[Result "1/2-1/2"]
[WhiteTitle "FM"]
[WhiteElo "2276"]
[BlackElo "2016"]
[WhiteFideId "23716550"]
[BlackFideId "2603616"]
[EventDate "2025.06.17"]

1. e4 c5 2. Nc3 Nc6 3. Bb5 e6 4. Bxc6 bxc6 5. d3 e5 6. f4 Qc7 7. fxe5 Qxe5 8.
Nf3 Qh5 9. O-O Ne7 10. Be3 Ng6 11. Ng5 Qxd1 12. Raxd1 f6 13. Nf3 Be7 14. b3 O-O
15. Na4 d6 16. h3 Ne5 17. Nxe5 fxe5 18. Rxf8+ Kxf8 19. Rf1+ Ke8 20. Kh2 Be6 21.
c4 Kd7 22. g4 Rh8 23. Kg3 h5 24. g5 h4+ 25. Kh2 Rh5 26. Rg1 Rh8 27. Rf1 Ke8 28.
Nc3 Rf8 29. Rxf8+ Kxf8 30. Ne2 Kf7 31. Ng1 Kg6 32. Nf3 Kh5 33. Kg2 Bd7 34. Kh2
Bd8 35. Kg2 Ba5 36. Bf2 Bd8 37. Bxh4 Be6 38. Kh2 Be7 39. Kg2 Bd8 40. Bf2 Bxg5
41. Nxg5 Kxg5 42. Kg3 Bd7 43. Be3+ Kh5 1/2-1/2

[Event "Titled Tue 17th Jun Early"]
[Site "chess.com INT"]
[Date "2025.06.17"]
[Round "4"]
[White "Antonio, Jorge Carlos"]
[Black "Manukian, Artak"]
[Result "1-0"]
[WhiteTitle "FM"]
[WhiteElo "2277"]
[BlackElo "2104"]
[WhiteFideId "113190"]
[BlackFideId "13301373"]
[EventDate "2025.06.17"]

1. e4 c5 2. Nf3 a6 3. d4 cxd4 4. Nxd4 Nf6 5. Nc3 e5 6. Nde2 b5 7. Bg5 Bb7 8. Ng3
Be7 9. Nf5 O-O 10. Nd6 Bc6 11. h4 h6 12. Nf5 b4 13. Nd5 Bxd5 14. exd5 d6 15. Qf3
Nbd7 16. O-O-O Rc8 17. Kb1 Re8 18. Qe3 Bf8 19. Bxa6 Rc5 20. Qe2 Qa5 21. Bc4 Nb6
22. Bb3 Nfxd5 23. Qg4 Kh8 24. Rh3 Rec8 25. Bxh6 g6 26. Qg5 gxf5 27. Bxf8 Rxf8
28. Qh6+ 1-0

[Event "Titled Tue 17th Jun Early"]
[Site "chess.com INT"]
[Date "2025.06.17"]
[Round "4"]
[White "Hobaica, Juan Pablo"]
[Black "Tristan, Leonardo"]
[Result "0-1"]
[WhiteTitle "IM"]
[BlackTitle "GM"]
[WhiteElo "2386"]
[BlackElo "2536"]
[WhiteFideId "104159"]
[BlackFideId "113816"]
[EventDate "2025.06.17"]

1. e4 d5 2. exd5 Qxd5 3. Nc3 Qa5 4. d4 Nf6 5. Nf3 Bf5 6. Bc4 e6 7. O-O Bb4 8.
Bd2 Nc6 9. a3 Bxc3 10. Bxc3 Qb6 11. Ne5 Nxe5 12. dxe5 Rd8 13. Qf3 Ne4 14. Bd3
Nxc3 15. bxc3 Bxd3 16. cxd3 Qa6 17. d4 O-O 18. a4 c5 19. dxc5 Rd5 20. Rab1 Qc6
21. Rb5 h6 22. Rfb1 Rxe5 23. Rxb7 Qxc5 24. Rd7 a6 25. h3 Rf5 26. Qe3 Rc8 27.
Qxc5 Rcxc5 28. Rb8+ Kh7 29. Rbb7 Kg6 30. Rb6 a5 31. g4 Rf4 0-1

[Event "Titled Tue 17th Jun Early"]
[Site "chess.com INT"]
[Date "2025.06.17"]
[Round "4"]
[White "Cori Quispe, Kevin Joel"]
[Black "Caruana, Fabiano"]
[Result "0-1"]
[WhiteTitle "GM"]
[BlackTitle "GM"]
[WhiteElo "2464"]
[BlackElo "2777"]
[WhiteFideId "3814017"]
[BlackFideId "2020009"]
[EventDate "2025.06.17"]

1. d4 Nf6 2. c4 e6 3. Nc3 Bb4 4. e3 b6 5. Bd3 Bb7 6. Nh3 O-O 7. O-O c5 8. a3
cxd4 9. axb4 dxc3 10. bxc3 d6 11. f3 Nbd7 12. e4 Ne5 13. Be2 Qc7 14. Qd4 Rfc8
15. Bg5 Ne8 16. f4 Nxc4 17. f5 e5 18. Qf2 f6 19. Bc1 Bxe4 20. Qh4 d5 21. Nf2
Bxf5 22. Ng4 Bg6 23. Qg3 Ned6 24. h4 Ne4 25. Qh3 h5 26. Nh2 Ncd6 27. Rf3 Nxc3
28. Ba6 d4 29. g4 Re8 30. Bd2 Nde4 31. Be1 b5 32. Nf1 Ne2+ 33. Kh2 Nf4 34. Rxf4
exf4 35. gxh5 Bxh5 36. Qf5 Qc2+ 37. Kh1 Bf3+ 0-1

[Event "Titled Tue 17th Jun Early"]
[Site "chess.com INT"]
[Date "2025.06.17"]
[Round "4"]
[White "Khazhatuly, Alikhan"]
[Black "Lissillour, Baptiste"]
[Result "0-1"]
[WhiteTitle "CM"]
[BlackTitle "FM"]
[WhiteElo "2173"]
[BlackElo "2312"]
[WhiteFideId "13731335"]
[BlackFideId "45179620"]
[EventDate "2025.06.17"]

1. e4 e5 2. Nf3 Nc6 3. Nc3 Nf6 4. Bb5 Nd4 5. Bc4 c6 6. d3 d5 7. exd5 cxd5 8. Bb3
Nxb3 9. axb3 d4 10. Ne4 Nxe4 11. dxe4 Bd6 12. c3 dxc3 13. bxc3 O-O 14. Ba3 Bxa3
15. Qxd8 Rxd8 16. Rxa3 Rd3 17. b4 Bg4 18. Ke2 Rad8 19. Rc1 f5 20. h3 Bh5 21.
exf5 e4 22. g4 exf3+ 23. Ke1 Bf7 24. Rxa7 Bc4 25. Rxb7 Re8+ 26. Kf1 Rd1# 0-1

[Event "Titled Tue 17th Jun Early"]
[Site "chess.com INT"]
[Date "2025.06.17"]
[Round "4"]
[White "Corona Monraz, Ramiro"]
[Black "Goldin, Roman"]
[Result "0-1"]
[BlackTitle "FM"]
[WhiteElo "1969"]
[BlackElo "2299"]
[WhiteFideId "5107717"]
[BlackFideId "2803860"]
[EventDate "2025.06.17"]

1. b4 e5 2. Bb2 f6 3. e4 c6 4. Bc4 d5 5. exd5 cxd5 6. Bb5+ Bd7 7. Bxd7+ Nxd7 8.
a3 Bd6 9. Nh3 Ne7 10. O-O O-O 11. d3 Rc8 12. Nd2 d4 13. Nc4 Nb6 14. Nd2 Nbd5 15.
Ne4 Bb8 16. Rc1 b6 17. Qh5 g6 18. Qd1 h6 19. f4 f5 20. Nd2 Ne3 21. Qe2 Nxf1 22.
Rxf1 Nd5 23. fxe5 Ne3 24. Rc1 Bxe5 25. Nf3 Qd6 26. g3 Rfe8 27. Nxe5 Qxe5 28. Qf3
Rxc2 29. Rxc2 Nxc2 30. Kh1 Qe1+ 31. Ng1 Qe3 32. Qd5+ Qe6 33. Qb7 Ne3 34. Bxd4
Qd5+ 35. Qxd5+ Nxd5 36. Nf3 Re2 37. Ne5 g5 38. h4 Ra2 39. hxg5 hxg5 40. Nc6 Rxa3 0-1

[Event "Titled Tue 17th Jun Early"]
[Site "chess.com INT"]
[Date "2025.06.17"]
[Round "4"]
[White "Molina Sumoza, Jesus Alberto"]
[Black "Bogdanov, Artyom"]
[Result "0-1"]
[WhiteTitle "CM"]
[BlackTitle "FM"]
[WhiteElo "2025"]
[BlackElo "2370"]
[WhiteFideId "3901874"]
[BlackFideId "13749200"]
[EventDate "2025.06.17"]

1. e4 d5 2. exd5 Qxd5 3. Nc3 Qd6 4. d4 c6 5. Nf3 Nf6 6. Ne5 Nbd7 7. Nc4 Qc7 8.
Qf3 Nb6 9. Bf4 Qd8 10. Be5 Be6 11. Ne3 g6 12. g4 Nbd7 13. O-O-O Qa5 14. g5 Nxe5
15. dxe5 Nd7 16. Rxd7 Bxd7 17. Bc4 Be6 18. Bxe6 fxe6 19. Nc4 Qc5 20. Qg4 b5 21.
Nd6+ exd6 22. Qxe6+ Be7 23. Ne4 Qd4 24. Nxd6+ Kd8 25. Rd1 Bxg5+ 0-1

[Event "Titled Tue 17th Jun Early"]
[Site "chess.com INT"]
[Date "2025.06.17"]
[Round "4"]
[White "Gogolev, Artem"]
[Black "Elsness, Frode"]
[Result "1-0"]
[WhiteTitle "IM"]
[BlackTitle "IM"]
[WhiteElo "2240"]
[BlackElo "2416"]
[WhiteFideId "4116615"]
[BlackFideId "1501100"]
[EventDate "2025.06.17"]

1. d4 Nf6 2. c4 e6 3. g3 Bb4+ 4. Nd2 O-O 5. Bg2 d5 6. Qc2 c6 7. Nf3 Nbd7 8. O-O
b6 9. e4 Bxd2 10. Nxd2 dxe4 11. Nxe4 Bb7 12. Nd6 Qc7 13. c5 bxc5 14. dxc5 Ba6
15. Re1 Nd5 16. Bd2 Rab8 17. a3 N7f6 18. Rad1 Ne8 19. Qa4 Bb5 20. Qd4 Nxd6 21.
cxd6 Qxd6 22. Bf4 Qe7 23. Bxb8 Rxb8 24. Bxd5 cxd5 25. Qxd5 Qf6 26. Qe5 Qxe5 27.
Rxe5 Ba4 28. Rc1 g6 29. b4 Bb5 30. Rec5 a6 31. Rc8+ Rxc8 32. Rxc8+ Kg7 33. f4
Kf6 34. Rc5 h6 35. Kf2 g5 36. Ke3 gxf4+ 37. gxf4 Kg6 38. Kd4 Kf6 39. Re5 Kg6 40.
Kc5 1-0

[Event "Titled Tue 17th Jun Early"]
[Site "chess.com INT"]
[Date "2025.06.17"]
[Round "4"]
[White "Dighton, Simon"]
[Black "Akshit, Kumar J"]
[Result "0-1"]
[WhiteTitle "CM"]
[BlackTitle "CM"]
[WhiteElo "2237"]
[BlackElo "2074"]
[WhiteFideId "408603"]
[BlackFideId "25097431"]
[EventDate "2025.06.17"]

1. d4 d5 2. Bf4 Nf6 3. e3 e6 4. c3 Bd6 5. Bg3 b6 6. Nf3 Bxg3 7. hxg3 h6 8. Nbd2
Bb7 9. Bd3 Nbd7 10. Qe2 Ne4 11. O-O O-O 12. Nh2 c5 13. Rfe1 Ndf6 14. Nhf1 Qe7
15. f3 Nxd2 16. Nxd2 Rac8 17. Rad1 cxd4 18. exd4 Nd7 19. a4 Rfe8 20. a5 bxa5 21.
Ra1 Qd6 22. f4 Qb6 23. Nf3 Rb8 24. Rab1 Bc6 25. Ne5 Nxe5 26. fxe5 Bb5 27. Bxb5
Qxb5 28. Qh5 Qd3 29. Rf1 Re7 30. Rf3 Qxb1+ 31. Kh2 Rxb2 32. g4 Qc2 33. Rg3 Qg6
34. Qh3 Qg5 35. Rf3 a4 0-1

[Event "Titled Tue 17th Jun Early"]
[Site "chess.com INT"]
[Date "2025.06.17"]
[Round "4"]
[White "Mihajlovskij, Sergei"]
[Black "Carlsson, Ludvig"]
[Result "0-1"]
[BlackTitle "IM"]
[WhiteElo "2292"]
[BlackElo "2379"]
[WhiteFideId "13500805"]
[BlackFideId "1727010"]
[EventDate "2025.06.17"]

1. e4 Nf6 2. e5 Nd5 3. c4 Nb6 4. d4 d6 5. f4 g6 6. Nc3 Bg7 7. Be3 O-O 8. Nf3 Be6
9. d5 Bg4 10. h3 Bxf3 11. Qxf3 dxe5 12. fxe5 N8d7 13. h4 Nxe5 14. Qe4 f5 15. Qf4
Ng4 16. Bc5 e5 17. Qg3 h5 18. Bxf8 Qxf8 19. Be2 Qb4 20. O-O-O Nxc4 21. Bxc4 Qxc4
22. d6 cxd6 23. Rxd6 Kh7 24. Kb1 Rc8 25. Rc1 b5 26. Qe1 b4 27. Nd5 Qd3+ 28. Ka1
Rxc1+ 29. Qxc1 Qe2 30. Ne7 Nf6 31. Rc6 e4 32. Qg5 Ng8 33. Qxg6+ Kh8 34. Qxg7+
Kxg7 35. Nxf5+ Kf8 36. Rc8+ Kf7 37. Rc7+ Ke6 38. Nd4+ Kd6 39. Nxe2 Kxc7 40. Nf4
Nf6 41. Kb1 Kd6 42. Kc2 Ke5 43. g3 Kf5 44. Kd2 Kg4 45. Ne2 Kf3 46. Nd4+ Kf2 47.
Nf5 Ng4 48. a3 bxa3 49. bxa3 e3+ 50. Kc2 e2 0-1

[Event "Titled Tue 17th Jun Early"]
[Site "chess.com INT"]
[Date "2025.06.17"]
[Round "4"]
[White "El Zein, Zayne-Eddine"]
[Black "Jimenez Fernandez, Rebeca"]
[Result "1-0"]
[WhiteTitle "CM"]
[BlackTitle "WFM"]
[WhiteElo "2194"]
[BlackElo "2154"]
[WhiteFideId "5313210"]
[BlackFideId "32070934"]
[EventDate "2025.06.17"]

1. e4 e5 2. Nf3 Nc6 3. d3 d5 4. exd5 Qxd5 5. g3 Bg4 6. Bg2 Qd7 7. h3 Be6 8. Nc3
O-O-O 9. Be3 Kb8 10. Qd2 Nd4 11. Nxe5 Qe8 12. Nf3 Nxf3+ 13. Bxf3 Nf6 14. O-O-O
Bb4 15. a3 Ba5 16. d4 Nd5 17. b4 Nxb4 18. axb4 Bxb4 19. Qd3 Rd6 20. Kd2 Qd7 21.
Rb1 a5 22. Ke2 Re8 23. Nb5 Rb6 24. c4 Bf5 25. Qb3 Bxb1 26. Rxb1 Rxb5 27. cxb5
Qxd4 28. Qd3 Qf6 29. Qd5 c6 30. bxc6 bxc6 31. Qxc6 Qxc6 32. Bxc6 Re6 33. Bd5 Re8
34. Bxf7 Re7 35. Bg8 h6 36. Kf3 Kc7 37. Bf4+ Kc6 38. Bb3 Kb5 39. Rd1 a4 40. Rd5+
Kb6 41. Bxa4 1-0